000 00703nam a2200265Ia 4500
003 OSt
005 20221006160311.0
006 a|||||r|||| 00| 0
007 ta
008 221006b |||||||| |||| 00| 0 kor d
020 _a9788971419458
_cW16,000
024 _a44,869
037 _bGift, Window on Korea
_cTextual
040 _aEASL
_cEASL
_bkor
041 _2kor
_akor
082 _aP495, Q2
100 _aYonsei University
245 0 _aHangugo Munbop
260 _aSeoul
_bYonsei University Korea
_c2012
300 _a318p.
_ccm.
490 _v KL
650 _aKL
942 _hP495, Q2
_cTEXL
_2CC
999 _c1112961
_d1112961